00466nam a2200145 a 450000500170000000800410001702000180005805000250007610000160010124500860011726000420020330000170024544000210026265000370028320140412111333.0050418s19uu xx 00 eng d a0-582-91221-0 aTR(GS 371.3bFl 1992 aFlatt, John aTactix, bk. A :bcreative problem-solving games for 6-12 year olds /cJohn Flatt. aAustralia :bLongman Cheshire,c1992. a58 p. ; ill. aDown Under Books aMethods of instruction and study